University Home | Library Home | Institutional Repository

Traditional art of Africa, Oceania, and the Americas (Record no. 63541)

MARC details
000 -LEADER
fixed length control field 00970cam1a220027700 4500
001 - CONTROL NUMBER
control field lce00875238
005 - DATE AND TIME OF LATEST TRANSACTION
control field 20190815101922.0
008 - FIXED-LENGTH DATA ELEMENTS--GENERAL INFORMATION
fixed length control field 730717s1973 caua b 000 0 eng
010 ## - LIBRARY OF CONGRESS CONTROL NUMBER
LC control number 73075844 //r842
035 ## - SYSTEM CONTROL NUMBER
System control number (Sirsi) r120208
035 ## - SYSTEM CONTROL NUMBER
System control number (DLC) 73075844 //r842
035 ## - SYSTEM CONTROL NUMBER
System control number (UPRA)lce00875238
040 ## - CATALOGING SOURCE
Original cataloging agency DLC
Transcribing agency DLC
Modifying agency DLC
050 00 - LIBRARY OF CONGRESS CALL NUMBER
Classification number N5310
Item number .D95
082 00 - DEWEY DECIMAL CLASSIFICATION NUMBER
Classification number 709/.01/1
100 1# - MAIN ENTRY--PERSONAL NAME
Personal name Dwyer, Jane Powell.
Linkage A86382.1
245 10 - TITLE STATEMENT
Title Traditional art of Africa, Oceania, and the Americas
Statement of responsibility, etc. [by] Jane Powell Dwyer and Edward Bridgman Dwyer.
260 ## - PUBLICATION, DISTRIBUTION, ETC.
Place of publication, distribution, etc. San Francisco,
Name of publisher, distributor, etc. Fine Arts Museums
Date of publication, distribution, etc. [1973]
500 ## - GENERAL NOTE
General note Based on the collection in the M. H. de Young Memorial Museum, San Francisco.
504 ## - BIBLIOGRAPHY, ETC. NOTE
Bibliography, etc. note Includes a bibliography.
650 #0 - SUBJECT ADDED ENTRY--TOPICAL TERM
Topical term or geographic name entry element Art, Primitive.
Linkage S5700.1
700 1# - ADDED ENTRY--PERSONAL NAME
Personal name Dwyer, Edward Bridgman.
Linkage A86383.1
710 2# - ADDED ENTRY--CORPORATE NAME
Corporate name or jurisdiction name as entry element M.H. De Young Memorial Museum.
Linkage A86384.1
949 ## - LOCAL PROCESSING INFORMATION (OCLC)
a N5310
w lcc
i -172965
m MAIN
t BOOK
l ON-SHELF

No items available.

© 2026 - The University of Zambia Library - Koha v25.11